| 000 | 00455nam a22001817a 4500 | ||
|---|---|---|---|
| 003 | CEME | ||
| 005 | 20210628203014.0 | ||
| 008 | 210216b xxu||||| |||| 00| 0 eng d | ||
| 020 | _a0-387-94180-0 | ||
| 040 | _c. | ||
| 082 | _a511.322 MOS | ||
| 100 |
_aMoschovakis, Yiannis.N _962824 |
||
| 245 | _aNotes on set theory, with 36 iiiustration | ||
| 260 |
_aUSA _bSPRINGER _c1994 |
||
| 300 | _aXIV,272P | ||
| 650 |
_aSET THEORY _939088 |
||
| 942 |
_cBK _2ddc |
||
| 999 |
_c571801 _d571801 |
||